000
00202 a2200097 4500
001
4537
100
_a
Frey,T.C
245
_a
Probability its engineering use
260
_a
_b
Van
_c
090
_c
3735
_d
3735
942
_a
NUST-CAE
_c
M
_c
29973
999
_c
239610
_d
239610